| 000 | 01096cpcaa2200289 a 4500 | ||
|---|---|---|---|
| 001 | mm 79006017 | ||
| 003 | DLC | ||
| 005 | 20260227111653.0 | ||
| 008 | 791105|||||||||||| eng | ||
| 010 | _amm 79006017 | ||
| 040 |
_aDLC _cDLC _edacs _dDLC |
||
| 072 | 7 |
_aC _2lcmd |
|
| 100 | 1 | _aSavell, John. | |
| 245 | 0 | 0 |
_aJohn Savell journal, _f1715-1746. |
| 300 |
_a1 _fvolume (85 pages). |
||
| 506 | 0 | _aOpen to research. | |
| 545 | 0 | _aMerchant, of Boston, Mass. | |
| 520 | 8 | _aJournal (1715 July 12-1746 August 13) recording visits from friends, weather, deaths, and other matters. | |
| 546 | _aCollection material in English. | ||
| 580 | _aForms part of: Miscellaneous Manuscripts collection. | ||
| 651 | 0 |
_aBoston (Mass.) _xSocial life and customs. |
|
| 651 | 0 |
_aBoston (Mass.) _xHistory _yColonial period, ca. 1600-1775. |
|
| 651 | 0 |
_aMassachusetts _xHistory _yColonial period, ca. 1600-1775. |
|
| 656 | 7 |
_aMerchants. _2itoamc |
|
| 999 |
_c42088 _d42088 |
||